000 00645nam a22002537a 4500
003 UA-OsUOA
001 32238
007 ta
008 20050127b un ||||| |||| 00| 0 ukr d
100 _aКрупская Н. К.
090 _a141.82
_bК84
942 _cBK
040 _aUA-OsUOA
_brus
_cUA-OsUOA
_dUA-OsUOA
245 _aО Ленине
_bСборник статей и выступлений
300 _a308 с.
_bІлюстрації
955 _a0
041 _arus
080 _a141.82
260 _aМосква
_bПолитиздат
_c1983
044 _aRU
250 _n5-е изд.
650 7 _2UDC
999 _c318677
_d318677